Štruktúry strojov pre obrábanie rotačných aj nerotačných súčiastok : Diplomová práca

Salvato in:
Dettagli Bibliografici
Autore principale: Cvik, Jaroslav (Autore)
Altri autori: Velíšek, Karol, 1951- (xxx)
Natura: Manoscritto Libro
Lingua:slovacco
Pubblicazione: Trnava : STU v Bratislave MtF KTZS, 2000
Soggetti:
Tags: Aggiungi Tag
Nessun Tag, puoi essere il primo ad aggiungerne!!

MARC

LEADER 00000ntm a22000003a 4500
001 stu78619
005 20160719154927.8
008 030124s2000----xo------------------slo-d
040 |a STU  |b slo 
041 0 |a slo 
044 |a xo 
100 1 |a Cvik, Jaroslav  |4 aut 
245 1 |a Štruktúry strojov pre obrábanie rotačných aj nerotačných súčiastok :  |b Diplomová práca 
260 |a Trnava :  |b STU v Bratislave MtF KTZS,  |c 2000 
300 |a 58 s  |c abstr. 
650 7 |a obrábanie súčiastok  |2 stusub 
650 7 |a obrábacie stroje  |2 stusub 
650 7 |a technologické zariadenia  |2 stusub 
700 1 |a Velíšek, Karol,  |d 1951-  |4 xxx  |u M2000  |U MTF Materiálovotechnologická fakulta  |T MTF Ústav výrobných systémov a aplikovanej mechaniky  |X 234  |U M2000  |Y 82  |7 A000000234